000 00677nam a22002417a 4500
003 UA-OsUOA
001 53938
007 ta
008 20151209b un ||||| |||| 00| 0 ukr d
100 _aЩербак М.
090 _a82-1
_bЩ61
942 _cBK
040 _aUA-OsUOA
_bukr
_cUA-OsUOA
_dUA-OsUOA
245 _aЧебрець
300 _a268 с.
955 _a3
041 _aukr
080 _a82-1
260 _aClifton
_bComputorprint Corporation
_c1991
650 7 _a82 Література. Літературознавство
_2UDC
999 _c434059
_d434059